000 00609nam a2200205 a 4500
001 000014393
005 20250219074027.0
008 091211s2006 dr a 000 m spa d
020 _a9945160044
040 _aDO-SdBNP
_bspa
_cBNPHU
082 _aRD868.44
100 1 _aRamírez, Ciprian
_932506
245 1 0 _aHablando como loco /
_cCiprian Ramírez; edición de Isael Pérez.
260 _aSanto Domingo :
_bBúho,
_c2006.
300 _a94 p. :
_bil. ;
_c22 cm.
650 0 _aPoesía dominicana
_966
650 0 _aLiteratura dominicana.
_967
700 1 _aPérez, Isael,
_d1961-
_eed.
_91414
049 _aBNPD
999 _c13984
_d13984